Marco Histórico y transfondo ideológico en la obra de Adam Smith

Salvato in:
Dettagli Bibliografici
Autore principale: Barrios Carrillo, Jaime A.
Natura: Libro
Lingua:Undetermined
Pubblicazione: San José, Costa Rica Escuela de Filosofía, Universidad de Costa Rica 1979
Soggetti:
Tags: Aggiungi Tag
Nessun Tag, puoi essere il primo ad aggiungerne!!

MARC

LEADER 00000nam a2200000Ia 4500
008 170316s9999 xx 000 0 und d
040 |a cru BVZT 
090 |a TESIS 223 
100 |a Barrios Carrillo, Jaime A. 
245 |a Marco Histórico y transfondo ideológico en la obra de Adam Smith 
260 |a San José, Costa Rica 
260 |b Escuela de Filosofía, Universidad de Costa Rica 
260 |c 1979 
300 |a 124 páginas 
650 |a LICENCIATURA EN FILOSOFÍA 
650 |a TRABAJO FINAL DE GRADUACIÓN 
999 |c 13837  |d 13837 
942 |c TFG  |h TESIS 223  |2 z